Numerical optimization : (Record no. 212526)

000 -LEADER
fixed length control field 01791 a2200229 4500
003 - CONTROL NUMBER IDENTIFIER
control field Nust
005 - DATE AND TIME OF LATEST TRANSACTION
control field 20221125115435.0
010 ## - LIBRARY OF CONGRESS CONTROL NUMBER
LC control number 2002042915
020 ## - INTERNATIONAL STANDARD BOOK NUMBER
International Standard Book Number 3540001913 (pbk. : acid-free paper)
040 ## - CATALOGING SOURCE
Transcribing agency Nust
082 00 - DEWEY DECIMAL CLASSIFICATION NUMBER
Classification number 519.3, BON
245 10 - TITLE STATEMENT
Title Numerical optimization :
Remainder of title theoretical and practical aspects
Statement of responsibility, etc. J. Frederic Bonnans
260 ## - PUBLICATION, DISTRIBUTION, ETC.
Place of publication, distribution, etc. Berlin ;
-- New York :
Name of publisher, distributor, etc. Springer,
Date of publication, distribution, etc. c2003.
300 ## - PHYSICAL DESCRIPTION
Extent xiii, 419 p. :
Other physical details ill. ;
Dimensions 24 cm.
490 0# - SERIES STATEMENT
Series statement Universitext
505 ## - FORMATTED CONTENTS NOTE
Formatted contents note General Introduction (Page-3),Basic Methods (Page-25),Line-Searches (Page-37),Newtonian Methods (Page-51),Conjugate Gradient (Page-67),Special Methods (Page-77),A Case Study: Seismic Reection Tomography (Page-97),Introduction to Nonsmooth Optimization (Page-109),Some Methods in Nonsmooth Optimization (Page-119),Bundle Methods. The Quest for Descent (Page-137),Applications of Nonsmooth Optimization (Page-161), Computational Exercises (Page-183),Background (Page-197),Local Methods for Problems with Equality Constraints (Page-215),Local Methods for Problems with Equality and Inequality Constraints (Page-255),Exact Penalization (Page-271),Globalization by Line-Search (Page-289),Quasi-Newton Versions (Page-323), Linearly Constrained Optimization and Simplex Algorithms (Page-353),Linear Monotone Complementarity and Associated Vectors Fields (Page-371),Predictor-Corrector Algorithms (Page-395),Non-Feasible Algorithms (Page-411),Self-Duality (Page-425),One-Step Methods (Page-435),Complexity of Linear Optimization Problems with Integer Data (Page-451),Karmarkar’s Algorithm (Page-457). <br/>
650 #0 - SUBJECT ADDED ENTRY--TOPICAL TERM
Topical term or geographic name entry element Computer algorithms.
650 #0 - SUBJECT ADDED ENTRY--TOPICAL TERM
Topical term or geographic name entry element Mathematical optimization.
650 #0 - SUBJECT ADDED ENTRY--TOPICAL TERM
Topical term or geographic name entry element Numerical analysis
General subdivision Data processing.
9 (RLIN) 72
700 1# - ADDED ENTRY--PERSONAL NAME
Personal name Bonnans, J. F.
Dates associated with a name 1957-
9 (RLIN) 103595
942 ## - ADDED ENTRY ELEMENTS (KOHA)
Source of classification or shelving scheme
Koha item type Book
Holdings
Withdrawn status Lost status Source of classification or shelving scheme Damaged status Not for loan Permanent Location Current Location Shelving location Date acquired Full call number Barcode Date last seen Price effective from Koha item type Public note
          Military College of Signals (MCS) Military College of Signals (MCS) General Stacks 12/12/2016 519.3, BON MCS37146 12/08/2016 12/12/2016 Book Almirah No.14, Shelf No.3
© 2023 Central Library, National University of Sciences and Technology. All Rights Reserved.